000 006660000a22001810004500
003 MACL
005 20160603151157.0
008 160603b xxu||||| |||| 00| 0 eng d
040 _aMACL
_cMACL
041 _aHindi
082 _a920
100 _aमूसवी, शीरीं
_962135
245 _aअकबर के जीवन की कुछ घटनाएं
_bसमकालीन लेख तथा संस्‍मरण
_cशीरीं मूसवी
260 _bनेशनल बुक ट्रस्‍ट इंडिया
_c2008
_aदिल्‍ली
350 _a55
650 _aBiography
_962136
942 _cHIN
_k920/MOS
_2ddc
999 _c10658
_d10658